000 00830nam a2200253 i 4500
001 12372
003 ES-MaACL
005 20230906150311.0
007 t|
008 920930s1989 sp ||||0| spa d
016 7 _zCEN920045243
020 _a84-87137-13-X
040 _aCEN
_bspa
_cCEN
080 _a821.134.2-191"17"
100 1 _aIriarte, Tomás de (
_d1750-1791)
_965443
245 1 0 _aFábulas literarias /
_cTomás de Iriarte.
260 _a[Santa Cruz de Tenerife] :
_bViceconsejería de Cultura y Deportes, Gobierno de Canarias,
_c1989.
300 _a170 p ;
_c21 cm.
490 1 _aBiblioteca básica canaria ;
_v11
710 1 _aCanarias.
_bViceconsejería de Cultura y Deportes.
_92427
830 0 _aBiblioteca básica canaria ;
_v11
_9177611
852 _aES-MaACL
_jL-19757
_bR.122330
999 _c12372
_d12372